000 00379nam a2200157Ia 4500
008 240719s9999 xx 000 0 und d
041 _aeng
082 _a618.24 STO
100 _aEddleman, Keith
245 _aPregnancy For Dummies
250 _a2nd
260 _aNew York
_bwiley
_c2004
300 _a382;. P. 24 Cm
365 _c
_b19.99
520 _aGifted By : IMT Faculty
999 _c41370
_d41370